00851nam a22002057a 4500003000400000005001700004008004100021040001800062100004600080245013000126260002300256650007100279650003000350650003300380700003100413856005000444942001300494999001900507952011900526OSt20240618114319.0240618b ||||| |||| 00| 0 eng d cAIMIT LIBRARY aShetty, Saksha Sanjeeva.e21161519171097 aStudy on the performance analysis of Indian mutual funds during covid 19 /cBy Saksha Sanjeeva Shetty ; Guided by Vasantha G. aBangalore ;c2023. aIndustry profile company profile and introduction to study9171098 aLiterature review9171099 aResearch methodology9171100 aG Vasantha.eGuide9171101 3Simplus financial consultancy private limited 2ddccPRO c231210d231210 00102ddc40718PR_MBAaAIMITbAIMITcPRBd2024-06-18l0pPRB02158r2024-06-18 00:00:00t2116151w2024-06-18yPRO